Marketing (Record no. 344290)

000 -LEADER
fixed length control field 00839 a2200265 4500
003 - CONTROL NUMBER IDENTIFIER
control field OSt
005 - DATE AND TIME OF LATEST TRANSACTION
control field 20180116182709.0
008 - FIXED-LENGTH DATA ELEMENTS--GENERAL INFORMATION
fixed length control field 160819b xxu||||| |||| 00| 0 eng d
020 ## - INTERNATIONAL STANDARD BOOK NUMBER
International Standard Book Number 0071168303
020 ## - INTERNATIONAL STANDARD BOOK NUMBER
International Standard Book Number 9780071168304
040 ## - CATALOGING SOURCE
Transcribing agency 0
082 ## - DEWEY DECIMAL CLASSIFICATION NUMBER
Classification number 658.8 MAR 2000
100 1# - MAIN ENTRY--PERSONAL NAME
Personal name Berkowitz, Eric N.
245 10 - TITLE STATEMENT
Title Marketing
Statement of responsibility, etc. Eric N. Berkowitz.
260 ## - PUBLICATION, DISTRIBUTION, ETC.
Place of publication, distribution, etc. [S.l.] :
Name of publisher, distributor, etc. McGraw-Hill Education,
Date of publication, distribution, etc. 2000
300 ## - PHYSICAL DESCRIPTION
Extent 747 p.
Other physical details PB
440 ## - SERIES STATEMENT/ADDED ENTRY--TITLE
Title Marketing
490 1# - SERIES STATEMENT
Series statement Mcgraw-hill international editions.
500 ## - GENERAL NOTE
General note Import.
500 ## - GENERAL NOTE
General note Paperback.
830 #0 - SERIES ADDED ENTRY--UNIFORM TITLE
Uniform title Mcgraw-hill international editions.
856 40 - ELECTRONIC LOCATION AND ACCESS
Materials specified Amazon.com
Uniform Resource Identifier <a href="http://www.amazon.com/exec/obidos/ASIN/0071168303/chopaconline-20">http://www.amazon.com/exec/obidos/ASIN/0071168303/chopaconline-20</a>
856 40 - ELECTRONIC LOCATION AND ACCESS
Materials specified Amazon customer reviews
Uniform Resource Identifier <a href="http://www.chopac.org/cgi-bin/tools/azrev.pl?q=0071168303">http://www.chopac.org/cgi-bin/tools/azrev.pl?q=0071168303</a>
942 ## - ADDED ENTRY ELEMENTS (KOHA)
Institution code [OBSOLETE] NBS
Koha item type Book
Call number prefix 658.8 MAR
Source of classification or shelving scheme
Holdings
Withdrawn status Lost status Damaged status Not for loan Permanent Location Current Location Date acquired Total Checkouts Full call number Barcode Date last seen Price effective from Koha item type
        Central Library (CL) Central Library (CL) 08/28/2013   658.8 MAR NBS3300 08/19/2016 08/28/2013 Book
        Central Library (CL) Central Library (CL) 08/28/2013   658.8 MAR NBS4844 08/28/2013 08/28/2013 Book
© 2023 Central Library, National University of Sciences and Technology. All Rights Reserved.